000 00780nas a2200265 4500
001 BR2013004691
003 BR-BrBNA
005 20231205122459.0
007 ta
008 230509b bl.|||p| |||| 00| 00por d
040 _aBR-BrBNA
_bpor
_cBiblioteca Nacional de Agricultura
041 _a(En)
072 _aE14
100 1 _aLino, A.C.L.
100 1 _aSanches, J.
100 1 _aDal Fabbro, I.M.
245 1 _aImage processing techniques for lemons and tomatoes classification
650 _aLIMÃO
650 _aTOMATE
650 _aSISTEMA DE INFORMAÇÃO
650 _aPROGRAMA DE COMPUTADOR
773 0 _tBragantia (Brazil)
_xISSN 0006-8705
_g(Jul-Sep 2008), v. 67(3) p. 785-789
_wBR2013004691
909 _a202311
_bLúcia
_c55
_dLúcia Elande
942 _2AGRIS
_n0
_cANA
999 _c228863
_d228863